Todos Campeões da Copa do Mundo U17 - Statistics

Estatísticas Gerais
  • Esse quiz foi jogado 40 vezes
  • A pontuação média é 14 de 19
Estatísticas das Respostas
Ano Titulo Seleção % Correto
1997 1 Brasil
97%
1999 2 Brasil
97%
2003 3 Brasil
97%
2019 4 Brasil
97%
2023 1 Alemanha
94%
2001 1 França
91%
2017 1 Inglaterra
86%
2005 1 Mexico
77%
2011 2 México
77%
1985 1 Nigéria
77%
1993 2 Nigéria
77%
2007 3 Nigéria
77%
2013 4 Nigéria
77%
2015 5 Nigéria
77%
1991 1 Gana
63%
1995 2 Gana
63%
2009 1 Suíça
40%
1987 1 União Soviética
40%
1989 1 Arábia Saudita
26%
Nenhum quiz correspondente encontrado
Distribuição das Pontuações
Porcentagem de Pessoas com Cada Pontuação
Percentil de Números Respondidos
Sua Pontuação Histórica
Você não jogou esse quiz